000 01109nam a2200277 i 4500
001 184838
003 ES-MaACL
005 20240426111133.0
008 160203s1997 sp |||| |dspa d
020 _a84-7517-518-X
080 _a821.134.3-14"19"
100 1 _aPessoa, Fernando,
_d1888-1935
_991451
245 1 0 _aMensaje
_b= Mensagem /
_cFernando Pessoa ; presentación de Eduardo Lourenço ; versión española de Jesús Munárriz.
246 3 1 _aMensagem
250 _aed. bilingüe, seguida de un apéndice histórico
_b1ª ed.
260 _aMadrid :
_bHiperión,
_c1997.
300 _a183 p. ;
_c20 cm.
490 1 _aPoesía Hiperión. Traducciones ;
_v314
505 8 _aContiene: ;
_tBrasâo = Blasón ;
_tMar português = Mar portugués ;
_tO encoberto = El encubierto
546 _aTexto en portugués y traducción en español.
700 1 _aLourenço, Eduardo.
_9158668
700 1 _aMunárriz, Jesús.
_984170
830 0 _aPoesía Hiperión. Traducciones ;
_v314
_9225139
852 _aES-MaACL
_jL-30197
_z. - Donat. Miguel A. Velasco
999 _c184838
_d184838